<?xml version="1.0" encoding="UTF-8"?>
<record
    xmlns:xsi="http://www.w3.org/2001/XMLSchema-instance"
    xsi:schemaLocation="http://www.loc.gov/MARC21/slim http://www.loc.gov/standards/marcxml/schema/MARC21slim.xsd"
    xmlns="http://www.loc.gov/MARC21/slim">

  <leader>02130nam a22003137i 4500</leader>
  <controlfield tag="003">DO-SdBNP</controlfield>
  <controlfield tag="005">20250630100924.0</controlfield>
  <controlfield tag="007">ta</controlfield>
  <controlfield tag="008">211125b2019    dr ||||| |||| 00| 0 spa d</controlfield>
  <datafield tag="040" ind1=" " ind2=" ">
    <subfield code="a">DO-SdBNP </subfield>
    <subfield code="b">spa</subfield>
    <subfield code="c">BNPHU </subfield>
    <subfield code="e">rda</subfield>
  </datafield>
  <datafield tag="082" ind1=" " ind2="4">
    <subfield code="a">972.93053</subfield>
    <subfield code="b">T866g</subfield>
    <subfield code="2">22</subfield>
  </datafield>
  <datafield tag="100" ind1="1" ind2=" ">
    <subfield code="a">Garrido Jansen, Luis Jos&#xE9;</subfield>
    <subfield code="d">autor</subfield>
    <subfield code="4">aut.</subfield>
    <subfield code="9">80741</subfield>
  </datafield>
  <datafield tag="245" ind1="1" ind2="0">
    <subfield code="a">Trujillo en su justa dimensi&#xF3;n /</subfield>
    <subfield code="c">Luis Jos&#xE9; Garrido Jansen ; cuidado de la edici&#xF3;n y pr&#xF3;logo, &#xC1;ngela Garrido Jansen.</subfield>
  </datafield>
  <datafield tag="264" ind1=" " ind2="4">
    <subfield code="a">Santo Domingo : </subfield>
    <subfield code="b">Ediciones Azuanas, </subfield>
    <subfield code="c">&#xA9;2019.</subfield>
  </datafield>
  <datafield tag="300" ind1=" " ind2=" ">
    <subfield code="a">76 p&#xE1;ginas :</subfield>
    <subfield code="b">ilustraciones, fotos ;</subfield>
    <subfield code="c">23 cm. </subfield>
  </datafield>
  <datafield tag="336" ind1=" " ind2=" ">
    <subfield code="a">texto</subfield>
    <subfield code="b">txt</subfield>
    <subfield code="2">rdacontent</subfield>
  </datafield>
  <datafield tag="337" ind1=" " ind2=" ">
    <subfield code="a">sin mediaci&#xF3;n</subfield>
    <subfield code="b">n</subfield>
    <subfield code="2">rdamedia</subfield>
  </datafield>
  <datafield tag="338" ind1=" " ind2=" ">
    <subfield code="a">volumen</subfield>
    <subfield code="b">nc</subfield>
    <subfield code="2">rdacarrier</subfield>
  </datafield>
  <datafield tag="500" ind1=" " ind2=" ">
    <subfield code="a">Incluye datos biogr&#xE1;ficos del autor en las solapas</subfield>
  </datafield>
  <datafield tag="500" ind1=" " ind2=" ">
    <subfield code="a">Incluye referencias bibliogr&#xE1;ficas y notas al pie de las p&#xE1;ginas</subfield>
  </datafield>
  <datafield tag="504" ind1=" " ind2=" ">
    <subfield code="a">Bibliograf&#xED;a : p. 75-76</subfield>
  </datafield>
  <datafield tag="505" ind1=" " ind2=" ">
    <subfield code="a">Pr&#xF3;logo -- Presentaci&#xF3;n -- Cap&#xED;tulo I. Or&#xED;genes y formaci&#xF3;n militar de Trujillo -- Cap&#xED;tulo II. Perfil psicol&#xF3;gico de Trujillo -- Cap&#xED;tulo III. Gobierno de Trujillo -- Cap&#xED;tulo IV. Cuando el poder es coercitivo -- Cap&#xED;tulo V. Reelecci&#xF3;n de &#xAB;La Era&#xBB; -- Cap&#xED;tulo VI. El problema fronterizo -- Cap&#xED;tulo VII. Migraci&#xF3;n haitiana hacia territorio dominicano. Acontecimientos del a&#xF1;o 1937 -- Cap&#xED;tulo VIII. La deuda externa y su liberaci&#xF3;n -- Cap&#xED;tulo IX. Luces del r&#xE9;gimen de Trujillo -- Cap&#xED;tulo X. Control cambiario versus libertad cambiaria -- Cap&#xED;tulo XI. Expediciones armadas contra el r&#xE9;gimen de Trujillo -- Expedici&#xF3;n de Mariel -- Expedici&#xF3;n de Cayo Confites -- Expedici&#xF3;n de Luper&#xF3;n -- Expedici&#xF3;n del 14 de junio de 1959 -- Cap&#xED;tulo XII. Ca&#xED;da del r&#xE9;gimen de Trujillo -- Cap&#xED;tulo XIII. Democracia versus dictadura -- Ep&#xED;logo -- Bibliograf&#xED;a,</subfield>
  </datafield>
  <datafield tag="590" ind1=" " ind2=" ">
    <subfield code="a">Inventariado, 2021 /LP

</subfield>
  </datafield>
  <datafield tag="600" ind1="1" ind2="0">
    <subfield code="a">Trujillo Molina, Rafael Le&#xF3;nidas </subfield>
    <subfield code="d">1891-1961</subfield>
  </datafield>
  <datafield tag="651" ind1="1" ind2="0">
    <subfield code="a">Rep&#xFA;blica Dominicana</subfield>
    <subfield code="x">Historia </subfield>
    <subfield code="y">Era de Trujillo, 1930-1961</subfield>
    <subfield code="9">78796</subfield>
  </datafield>
  <datafield tag="700" ind1="1" ind2=" ">
    <subfield code="a">Garrido Jansen, &#xC1;ngela, </subfield>
    <subfield code="e">editor y prologuista </subfield>
    <subfield code="9">80742</subfield>
    <subfield code="4">ed.</subfield>
  </datafield>
  <datafield tag="910" ind1=" " ind2=" ">
    <subfield code="a">Validado. Control de calidad MFF</subfield>
  </datafield>
  <datafield tag="942" ind1=" " ind2=" ">
    <subfield code="2">ddc</subfield>
    <subfield code="c">LBS1</subfield>
  </datafield>
  <datafield tag="952" ind1=" " ind2=" ">
    <subfield code="0">0</subfield>
    <subfield code="1">0</subfield>
    <subfield code="2">ddc</subfield>
    <subfield code="5">1</subfield>
    <subfield code="7">0</subfield>
    <subfield code="8">PD</subfield>
    <subfield code="a">BNPHU</subfield>
    <subfield code="b">BNPHU</subfield>
    <subfield code="c">HD</subfield>
    <subfield code="d">2021-11-25</subfield>
    <subfield code="e">Dep&#xF3;sito legal </subfield>
    <subfield code="l">0</subfield>
    <subfield code="o">BNPHU PD 972.93053 T866g</subfield>
    <subfield code="p">2021-28344</subfield>
    <subfield code="r">2021-11-25</subfield>
    <subfield code="w">2021-11-25</subfield>
    <subfield code="y">LBS1</subfield>
  </datafield>
  <datafield tag="952" ind1=" " ind2=" ">
    <subfield code="0">0</subfield>
    <subfield code="1">0</subfield>
    <subfield code="2">ddc</subfield>
    <subfield code="5">1</subfield>
    <subfield code="7">0</subfield>
    <subfield code="8">PD</subfield>
    <subfield code="a">BNPHU</subfield>
    <subfield code="b">BNPHU</subfield>
    <subfield code="c">HD</subfield>
    <subfield code="d">2021-11-25</subfield>
    <subfield code="e">Dep&#xF3;sito legal </subfield>
    <subfield code="l">0</subfield>
    <subfield code="o">BNPHU PD 972.93053 T866g</subfield>
    <subfield code="p">2021-28345</subfield>
    <subfield code="r">2021-11-25</subfield>
    <subfield code="t">e.2</subfield>
    <subfield code="w">2021-11-25</subfield>
    <subfield code="y">LBS1</subfield>
  </datafield>
  <datafield tag="952" ind1=" " ind2=" ">
    <subfield code="0">0</subfield>
    <subfield code="1">0</subfield>
    <subfield code="2">ddc</subfield>
    <subfield code="5">6</subfield>
    <subfield code="7">0</subfield>
    <subfield code="8">DS</subfield>
    <subfield code="a">BNPHU</subfield>
    <subfield code="b">BNPHU</subfield>
    <subfield code="c">HD</subfield>
    <subfield code="d">2021-11-25</subfield>
    <subfield code="e">Dep&#xF3;sito legal </subfield>
    <subfield code="l">0</subfield>
    <subfield code="o">BNPHU DS 972.93053 T866g</subfield>
    <subfield code="p">2021-28346</subfield>
    <subfield code="r">2021-11-25</subfield>
    <subfield code="t">e.3</subfield>
    <subfield code="w">2021-11-25</subfield>
    <subfield code="y">LBS1</subfield>
  </datafield>
  <datafield tag="999" ind1=" " ind2=" ">
    <subfield code="c">51043</subfield>
    <subfield code="d">51043</subfield>
  </datafield>
</record>
